The Islamic syncretistic tradition in Bengal / (Record no. 18687)
[ view plain ]
| 000 -LEADER | |
|---|---|
| fixed length control field | 00817cam a2200265 a 4500 |
| 001 - CONTROL NUMBER | |
| control field | 1407661 |
| 003 - CONTROL NUMBER IDENTIFIER | |
| control field | BDDh-ASL |
| 005 - DATE AND TIME OF LATEST TRANSACTION | |
| control field | 20231015025725.0 |
| 008 - FIXED-LENGTH DATA ELEMENTS--GENERAL INFORMATION | |
| fixed length control field | 830322s1983 nju b 001 0 eng |
| 010 ## - LIBRARY OF CONGRESS CONTROL NUMBER | |
| LC control number | 83042574 |
| 020 ## - INTERNATIONAL STANDARD BOOK NUMBER | |
| International Standard Book Number | 0691053871 (alk. paper) : |
| Terms of availability | $30.00 |
| 040 ## - CATALOGING SOURCE | |
| Original cataloging agency | DLC |
| Transcribing agency | DLC |
| Modifying agency | BDDh-ASL |
| 043 ## - GEOGRAPHIC AREA CODE | |
| Geographic area code | a-bg--- |
| -- | a-ii--- |
| 050 00 - LIBRARY OF CONGRESS CALL NUMBER | |
| Classification number | BP63.I42 |
| Item number | B426 1983 |
| 082 00 - DEWEY DECIMAL CLASSIFICATION NUMBER | |
| Classification number | 297.0954 |
| Edition number | 19 |
| Item number | ROI |
| 100 1# - MAIN ENTRY--PERSONAL NAME | |
| Personal name | Roy, Asim, |
| Dates associated with a name | 1937- |
| 245 14 - TITLE STATEMENT | |
| Title | The Islamic syncretistic tradition in Bengal / |
| Statement of responsibility, etc. | Asim Roy. |
| 260 ## - PUBLICATION, DISTRIBUTION, ETC. | |
| Place of publication, distribution, etc. | Princeton, N.J. : |
| Name of publisher, distributor, etc. | Princeton University Press, |
| Date of publication, distribution, etc. | c1983. |
| 300 ## - PHYSICAL DESCRIPTION | |
| Extent | xxii, 310 p. ; |
| Dimensions | 23 cm. |
| 500 ## - GENERAL NOTE | |
| General note | Includes index. |
| 504 ## - BIBLIOGRAPHY, ETC. NOTE | |
| Bibliography, etc. note | Bibliography: p. [255]-294. |
| 650 #0 - SUBJECT ADDED ENTRY--TOPICAL TERM | |
| Topical term or geographic name entry element | Islam |
| Geographic subdivision | India |
| -- | Bengal |
| General subdivision | History. |
| 906 ## - LOCAL DATA ELEMENT F, LDF (RLIN) | |
| a | 7 |
| b | cbc |
| c | orignew |
| d | 1 |
| e | ocip |
| f | 19 |
| g | y-gencatlg |
| 942 ## - ADDED ENTRY ELEMENTS (KOHA) | |
| Source of classification or shelving scheme | Dewey Decimal Classification |
| Koha item type | Books |
| Withdrawn status | Lost status | Source of classification or shelving scheme | Damaged status | Not for loan | Collection code | Home library | Current library | Shelving location | Date acquired | Source of acquisition | Total Checkouts | Full call number | Barcode | Date last seen | Copy number | Price effective from | Koha item type |
|---|---|---|---|---|---|---|---|---|---|---|---|---|---|---|---|---|---|
| Dewey Decimal Classification | Non-fiction | Asiatic Society Library | Asiatic Society Library | General Stacks | 10/20/2020 | Complementary | 297.0954 ROI | 101899 | 10/20/2020 | C-1 | 10/20/2020 | Books | |||||
| Dewey Decimal Classification | Non-fiction | Asiatic Society Library | Asiatic Society Library | General Stacks | 02/28/2021 | ASB Library Collections | 297.0954 ROI | 106768 | 02/28/2021 | C-2 | 02/28/2021 | Books | |||||
| Dewey Decimal Classification | Non-fiction | Asiatic Society Library | Asiatic Society Library | General Stacks | 11/29/2021 | ASB Library Collection | 297.0954 ROI | 115817 | 11/29/2021 | C-3 | 11/29/2021 | Books |